AutoCAD Civil 3D 2015 Essential / (Record no. 36223)

MARC details
000 -LEADER
fixed length control field 00443nam a22001697a 4500
005 - DATE AND TIME OF LATEST TRANSACTION
control field 20240726092841.0
008 - FIXED-LENGTH DATA ELEMENTS--GENERAL INFORMATION
fixed length control field 240726b |||||||| |||| 00| 0 eng d
020 ## - INTERNATIONAL STANDARD BOOK NUMBER
ISBN 9781118871027
082 ## - DEWEY DECIMAL CLASSIFICATION NUMBER
Classification number 620.004
Item number CHA-A
100 ## - MAIN ENTRY--AUTHOR
Author Name Chappell, Eric
245 ## - TITLE STATEMENT
Title AutoCAD Civil 3D 2015 Essential /
260 ## - PUBLICATION, DISTRIBUTION, ETC.
Place of Publication usa:
Name of publisher, distributor, etc. wiley;
Date of publication, distribution, etc. 2014.
300 ## - PHYSICAL DESCRIPTION
Pages xiv, 366 p. :
500 ## - GENERAL NOTE
General note include index.
650 ## - SUBJECT ADDED ENTRY--TOPICAL TERM
Subject / Department Graphic design
300 ## - PHYSICAL DESCRIPTION
-- ill;
-- 23 cm.
952 ## - LOCATION AND ITEM INFORMATION (KOHA)
-- 0
-- 0
952 ## - LOCATION AND ITEM INFORMATION (KOHA)
-- 0
-- 0
952 ## - LOCATION AND ITEM INFORMATION (KOHA)
-- 0
-- 0
952 ## - LOCATION AND ITEM INFORMATION (KOHA)
-- 0
-- 0
952 ## - LOCATION AND ITEM INFORMATION (KOHA)
-- 0
-- 0
952 ## - LOCATION AND ITEM INFORMATION (KOHA)
-- 0
-- 0
952 ## - LOCATION AND ITEM INFORMATION (KOHA)
-- 0
-- 0
952 ## - LOCATION AND ITEM INFORMATION (KOHA)
-- 0
-- 0
Holdings
Lost status Damaged status Collection code Permanent Location Current Location Shelving Location Date acquired Full Call Number Accession No./Barcode Date last seen Copy number item type Koha item type
    CS/IT Superior Information Resource Center (SIRC) Superior University- Gold Campus Superior Information Resource Center (SIRC) Superior University- Gold Campus Graphic design 07/26/2024 620.004 CHA-A 2014 17999 07/26/2024 1 BOOK BOOK
    CS/IT Superior Information Resource Center (SIRC) Superior University- Gold Campus Superior Information Resource Center (SIRC) Superior University- Gold Campus Graphic design 07/26/2024 620.004 CHA-A 2014 18000 07/26/2024 2 BOOK BOOK
    CS/IT Superior Information Resource Center (SIRC) Superior University- Gold Campus Superior Information Resource Center (SIRC) Superior University- Gold Campus Graphic design 07/26/2024 620.004 CHA-A 2014 18001 07/26/2024 3 BOOK BOOK
    CS/IT Superior Information Resource Center (SIRC) Superior University- Gold Campus Superior Information Resource Center (SIRC) Superior University- Gold Campus Graphic design 07/26/2024 620.004 CHA-A 2014 18002 07/26/2024 4 BOOK BOOK
    CS/IT Superior Information Resource Center (SIRC) Superior University- Gold Campus Superior Information Resource Center (SIRC) Superior University- Gold Campus Graphic design 07/26/2024 620.004 CHA-A 2014 18003 07/26/2024 5 BOOK BOOK
    CS/IT Superior Information Resource Center (SIRC) Superior University- Gold Campus Superior Information Resource Center (SIRC) Superior University- Gold Campus Graphic design 07/26/2024 620.004 CHA-A 2014 18004 03/06/2025 6 BOOK BOOK
    CS/IT Superior Information Resource Center (SIRC) Superior University- Gold Campus Superior Information Resource Center (SIRC) Superior University- Gold Campus Graphic design 07/26/2024 620.004 CHA-A 2014 18005 07/26/2024 7 BOOK BOOK
    CS/IT Superior Information Resource Center (SIRC) Superior University- Gold Campus Superior Information Resource Center (SIRC) Superior University- Gold Campus Graphic design 07/26/2024 620.004 CHA-A 2014 16161 07/26/2024 8 BOOK BOOK

Powered by Koha